Su hijo adolescente : (Registro nro. 9566)

Detalles MARC
000 -LIDER
fixed length control field 01134nam a2200361 b 4500
001 - NÚMERO DE CONTROL
Identificador de número de control 000293565
003 - IDENTIFICACDOR DE NÚMERO DE CONTROL
control field DO-SdBPM
005 - DATE AND TIME OF LATEST TRANSACTION
control field 20250606113228.0
007 - CAMPOS FIJOS DE DESCRIPCIÓN FÍSICA
fixed length control field 000293565
008 - ELEMENTOS DE LONGITUD FIJA
fixed length control field 921021s1998 sp | |||| ||spa d
017 ## - NÚMERO DE REGISTRO DE DERECHOS DE AUTOR
Copyright or legal deposit number
Assigning agency
020 ## - ISBN
International Standard Book Number 9580408025
035 ## - NÚMERO LOCAL
System control number
040 ## - FUENTE DE CATALOGACIÓN
Agencia que crea de manera original el registro DO-SdBPM
Idioma de catalogación spa
Agencia que realiza la transcripción BPMSU
080 #4 - NÚMERO DE CLASIFICACIÓN DECIMAL UNIVERSAL
Universal Decimal Classification number
082 #4 - NÚMERO DE CLASIFICACIÓN DECIMAL DE DEWEY
Classification number 155.5
Item number D265s 1998
Edition number 22
100 1# - ASIENTO PRINCIPAL -- NOMBRE PERSONAL
Nombre personal Davitz, Lois Leiderman.
245 10 - MENCIÓN DE TITULO
Título Su hijo adolescente :
Subtítulo cómo comprenderlo y relacionarse con él /
Mención de responsabilidad Lois Leiderman Davitz, Joel Robert Davitz ; traducción Jorge Cárdenas Nannetti.
Medio (Designación general de material)
250 ## - MENCIÓN DE EDICION
Mención de edición
260 ## - PUBLICACIÓN, DISTRIBUCIÓN, ETC. (PIE DE IMPRENTA)
Lugar de publicación, distribución, etc Barcelona :
Nombre del editor, distribuidor, etc. Grupo Editorial Norma,
Fecha de publicación, distribución, etc 1998
300 ## - DESCRIPCIÓN FÍSICA
Extensión ix, 218 p. ;
Dimensiones 23 cm
490 0# - MENCIÓN DE SERIES
Mención de serie Paidós educador,
Volume/sequential designation 40
500 4# - NOTA GENERAL
Nota general
590 ## - NOTA LOCAL
Texto de la nota local Inventariado, 2025/VM
650 #4 - ENCABEZAMIENTO DE MATERIA--TEMÁTICO
Término temático o nombre geográfico como elemento de entrada Adolescencia
Subdivisión temática general
Fuente del encabezamiento o término
650 #4 - ENCABEZAMIENTO DE MATERIA--TEMÁTICO
Término temático o nombre geográfico como elemento de entrada Adolescentes
Subdivisión temática general Vida social y costumbres
650 #4 - ENCABEZAMIENTO DE MATERIA--TEMÁTICO
Término temático o nombre geográfico como elemento de entrada Conducta del adolescente
700 1# - ASIENTO SECUNDARIO -- NOMBRE PERSONAL
Nombre personal Davitz, Joel Robert
Mención de responsabilidad autro
700 1# - ASIENTO SECUNDARIO -- NOMBRE PERSONAL
Nombre personal Cárdenas Nannetti, Jorge
Fechas asociadas con el nombre 1906-2008
Mención de responsabilidad traductor
700 1# - ASIENTO SECUNDARIO -- NOMBRE PERSONAL
Nombre personal Mastrogiacomo, Marta
910 ## - VALIDACIÓN
Validación VMateo V. Control de calidad. BPMSU
942 ## - ADDED ENTRY ELEMENTS (KOHA)
Source of classification or shelving scheme Dewey Decimal Classification
Koha item type Libros
Existencias
Withdrawn status Lost status Source of classification or shelving scheme Damaged status Not for loan Collection code Home library Current library Date acquired Source of acquisition Total Checkouts Full call number Barcode Date last seen Price effective from Koha item type
    Dewey Decimal Classification     Colección General Biblioteca Pública Metropolitana Salomé Ureña Biblioteca Pública Metropolitana Salomé Ureña 04/05/2016 FUNDI   BPMSU CG 155.5 D265s 1998 BPMSU25060017 04/05/2016 04/05/2016 Libros